00489nam a2200193Ia 4500008004100000020001800041050001400059100002400073245002200097245005400119260001500173260001600188260000900204300001500213300002700228300001100255440002100266500000800287170918s9999 xx 000 0 und d a9780516249988 bH994 2006 aHyde, Judith Jensen aRainy-day music / cJudith Jensen Hyde ; illustrated by Jason Abbott. aNew York : bScholastic, c2006 a31 pages : bcolored illustration ; c18cm.  aA rookie reader. a210